000 00465nam a2200181 i 4500
001 35815
003 ES-MaACL
007 t|
008 030214s1916 fr ||||1| fre d
100 1 _aBoulenger, Marcel.
_930915
245 1 3 _aLe coeur au loin /
_cMarcel Boulenger.
260 _aParĂ­s :
_bGeorges Cres et Cie,
_c1916.
300 _a120 p. ;
_c15 cm.
490 1 _aBellum
830 0 _aBellum
_9181605
852 _aES-MaACL
_jG-2029
999 _c35815
_d35815